علم النفس : العلاج النفسي المعاصر ( تطبيقات للنظريات) / (رقم التسجيلة. 113181)

تفاصيل مارك
000 -LEADER
fixed length control field 00637nam a22001817a 4500
005 - DATE AND TIME OF LATEST TRANSACTION
control field 20251108174609.0
008 - FIXED-LENGTH DATA ELEMENTS--GENERAL INFORMATION
fixed length control field 250721s2009 xx 000 0 ara d
082 14 - DEWEY DECIMAL CLASSIFICATION NUMBER
Classification number 616.89/خوا
100 1# - MAIN ENTRY--PERSONAL NAME
Personal name الخواجا، عبد الفتاح
Relator term مؤلف
245 10 - TITLE STATEMENT
Title علم النفس : العلاج النفسي المعاصر ( تطبيقات للنظريات) /
264 1# - PRODUCTION, PUBLICATION, DISTRIBUTION, MANUFACTURE, AND COPYRIGHT NOTICE
Place of production, publication, distribution, manufacture عمان :
Name of producer, publisher, distributor, manufacturer دار المستقبل للنشر و التوزيع،
Date of production, publication, distribution, manufacture, or copyright notice 2009.
300 ## - PHYSICAL DESCRIPTION
Extent 181 ص.
650 17 - SUBJECT ADDED ENTRY--TOPICAL TERM
Topical term or geographic name as entry element خدمات الصحه العقليه
650 17 - SUBJECT ADDED ENTRY--TOPICAL TERM
Topical term or geographic name as entry element علم النفس
650 17 - SUBJECT ADDED ENTRY--TOPICAL TERM
Topical term or geographic name as entry element العلاج النفسي
942 ## - ADDED ENTRY ELEMENTS (KOHA)
Source of classification or shelving scheme Dewey Decimal Classification
Koha item type كتب
المقتنيات
حالة السحب حالة الفقدان مصدر التصنيف حالة التلف غير قابل للإعارة المكتبة الرئيسية المكتبة الحالية موقع الرف تاريخ التزويد الرقم المتسلسل Total Checkouts رقم الإستدعاء الباركود تاريخ آخر ظهور تاريخ الفاتورة نوع المادة (كوها)
    Dewey Decimal Classification     مكتبة أبو علندا العامة مكتبة أبو علندا العامة الإعارة 23/07/2008 1208903   616.89/خوا PLD00030380 28/07/2025 23/07/2008 كتب
    Dewey Decimal Classification     مكتبة أم قصير والمقابلين العامة مكتبة أم قصير والمقابلين العامة الإعارة 23/07/2008 1208902   616.89/خوا PLD00030379 28/07/2025 23/07/2008 كتب
    Dewey Decimal Classification     مكتبة الأميرة ايمان العامة مكتبة الأميرة ايمان العامة الإعارة 23/07/2008 1208894   616.89/خوا PLD00030371 28/07/2025 23/07/2008 كتب
    Dewey Decimal Classification     مكتبة الأميرة سلمى مكتبة الأميرة سلمى الإعارة 04/07/2015 1465661   616.89/خوا PLD00335774 28/07/2025 04/07/2015 كتب
    Dewey Decimal Classification     مكتبة الاميرة بديعة مكتبة الاميرة بديعة الإعارة 23/07/2008 1208897   616.89/خوا PLD00030374 28/07/2025 23/07/2008 كتب
    Dewey Decimal Classification     مكتبة الجويدة مكتبة الجويدة الإعارة 23/07/2008 1208898   616.89/خوا PLD00030375 28/07/2025 23/07/2008 كتب
    Dewey Decimal Classification     مكتبة الحسن العامة مكتبة الحسن العامة الإعارة 23/07/2008 1208899   616.89/خوا PLD00030376 28/07/2025 23/07/2008 كتب
    Dewey Decimal Classification     مكتبة النصر العامة مكتبة النصر العامة الإعارة 23/07/2008 1208905   616.89/خوا PLD00030382 28/07/2025 23/07/2008 كتب
    Dewey Decimal Classification     مكتبة حمزة العامة مكتبة حمزة العامة الإعارة 23/07/2008 1208900   616.89/خوا PLD00030377 28/07/2025 23/07/2008 كتب
    Dewey Decimal Classification     مكتبة صويلح العامة مكتبة صويلح العامة الإعارة 23/07/2008 1208895   616.89/خوا PLD00030372 28/07/2025 23/07/2008 كتب
    Dewey Decimal Classification     مكتبة وادي السير العامة مكتبة وادي السير العامة الإعارة 23/07/2008 1208904   616.89/خوا PLD00030381 28/07/2025 23/07/2008 كتب
    Dewey Decimal Classification     مكتبةمؤتة مكتبةمؤتة الإعارة 23/03/2011 1428516   616.89/خوا PLD00198372 28/07/2025 23/03/2011 كتب
Implemented & Customized by: BBB with SCIT (Smart Chains for Information Technology)

Powered by Koha